Vista normal
Vista MARC
Entrada Nombre personal
Número de registros utilizados en: 1
001 - NÚMERO DE CONTROL
- campo de control: 42133
003 - IDENTIFICADOR DEL NÚMERO DE CONTROL
- campo de control: OSt
005 - FECHA Y HORA DE LA ÚLTIMA TRANSACCIÓN
- campo de control: 20200615033847.0
008 - DATOS DE LONGITUD FIJA
- campo de control de longitud fija: 200615|| aca||aabn | a|a d
040 ## - FUENTE DE LA CATALOGACIÓN
- Centro catalogador/agencia de origen: OSt
- Centro/agencia transcriptor: OSt
100 ## - ENCABEZAMIENTO-NOMBRE DE PERSONA
- Nombre de persona: CERVANTES SAAVEDRA, MIGUEL DE,
- Fechas asociadas al nombre: 1547-1616.
- Título de la obra: DON QUIJOTE.
- Subdivisión general: CRÍTICA E INTERPRETACIÓN
670 ## - FUENTE DE DATOS ENCONTRADOS
- Cita de la fuente: Work cat.: (OSt)19201: Unamuno, Miguel de, 1864-1936. 6254, Vida de Don Quijote y Sancho :, 1966.
